| 000 | 00000cam 2200000zi 4500 |
| 001 | 9.959539 |
| 003 | CaOODSP |
| 005 | 20260218113629 |
| 006 | m o d f |
| 007 | cr cn||||||||| |
| 008 | 260203s2026 oncao o f000 0 eng d |
| 020 | |a9780660982304 |
| 040 | |aCaOODSP|beng|erda|cCaOODSP |
| 043 | |an-cn--- |
| 086 | 1 |aD2-719/2026E-PDF |
| 245 | 00|aSecurity, sovereignty and prosperity : |bCanada's defence industrial strategy. |
| 246 | 10|aCanada's defence industrial strategy |
| 264 | 1|a[Ottawa] : |bGovernment of Canada = Gouvernement du Canada, |c[2026] |
| 300 | |a1 online resource (58 pages) : |billustrations, photographs |
| 336 | |atext|btxt|2rdacontent |
| 337 | |acomputer|bc|2rdamedia |
| 338 | |aonline resource|bcr|2rdacarrier |
| 500 | |aCover title. |
| 500 | |aIssued by National Defence. |
| 500 | |aIssued also in French under title: Sécurité, souveraineté et prospérité : la stratégie industrielle de défense du Canada. |
| 520 | |a"The world has become more volatile and dangerous, and it is more important than ever that Canada be ready and able to defend our territory, our people, and our values. That is why the Government of Canada pledged $81.8 billion in Budget 2025 to increase our investments in defence. It is also why our government pledged $6.6 billion of this funding to Canada's Defence Industrial Strategy to ensure that Canadian industry plays a central role in this generational effort to rebuild the military"--Page 4. |
| 610 | 10|aCanada.|bCanadian Armed Forces|xProcurement. |
| 650 | 0|aDefense industries|xGovernment policy|zCanada. |
| 650 | 0|aDefense contracts|xGovernment policy|zCanada. |
| 710 | 1 |aCanada. |bDepartment of National Defence, |eissuing body. |
| 775 | 08|tSécurité, souveraineté et prospérité : |w(CaOODSP)9.959541 |
| 856 | 40|qPDF|s1.43 MB|uhttps://publications.gc.ca/collections/collection_2026/mdn-dnd/D2-719-2026-eng.pdf |
| 856 | 4 |qHTML|sN/A|uhttps://www.canada.ca/en/department-national-defence/corporate/reports-publications/industrial-strategy/security-sovereignty-prosperity.html |
| 986 | |aDGM-25825-DR0 |